000 00553nam a2200205Ia 4500
001 8904
003 GE_BSU
008 181216s||||||||xx |||||||||||||| ||und||
040 _cGE_BSU
245 _aГосударство и право. №12. 2013.
245 _bДекабрь, 2013
245 _cГл. ред. А.С.Автономов
260 _aМосква
260 _bНаука
260 _c2013
300 _a128ст.;29см.
653 _aГосударство и право.
653 _aპერიოდიკა
942 _cCR
999 _c42211
_d42211